000 02600nam a2200373 i 4500
001 768714001
003 CO-MdFUSB
005 20260326144702.0
007 ta
008 240929t1971 -us||||| |||| 001 0 eng d
020 _a0-687-17183-0
_qVolumen 2
020 _a0-687-17184-9
_qVolumen 3
040 _bspa.
_aCO-MdFUSB
_cCO-MdFUSB
_dCO-MdFUSBC
_erda
041 _aeng
082 _223
_a230.09
_bG643
100 _aGonzález, Justo L.
_eautor
245 1 2 _aA history of Christian Thought
_c/ Justo L. González
250 _aEdición revisada
264 1 _aNashville :
_bAbingdon Press,
_c[1971]
264 4 _c©1971
300 _a2 volúmenes
_c; 23 cm
336 _2rdacontent
_atexto
_btxt
337 _2rdamedia
_asin mediación
_bn
338 _2rdacarrier
_avolumen
_bnc
500 _aTabla de contenido traducido por la agencia catalogadora
504 _aIncluye índice de temas y autores. Apéndice: sugerencias para lecturas adicionales
505 _gVolumen II:
_tFrom Augustine to the Eve of the Reformation:
_aLa teología de Agustín. -- La teología occidental después de Agustín. -- La teología oriental entre el cuarto y el sexto concilio ecuménico. -- El Renacimiento Carolingio. -- La Edad Oscura. -- El Renacimiento del siglo XII. -- Teología oriental desde las conquistas islámicas hasta la cuarta cruzada. -- Introducción general al siglo XIII. -- La tradición agustiniana en el siglo XIII. -- La Escuela Dominicana. -- Aristotelismo extremo. -- La teología oriental hasta la caída de Constantinopla. -- La teología en la Baja Edad Media. -- ¿Amanecer o anochecer?
_gVolumen III:
_tFrom the protestant reformation to the twentieth century:
_aEl fin de una era. -- La teología de Martín Lutero. -- Ulrich Zwinglio y el comienzo de la tradición reformada. -- El Anabautismo y la Reforma Radical. -- De la teología luterana a la fórmula de la concordia. -- La teología reformada de Juan Calvino. -- La Reforma en Gran Bretaña. -- La teología en la Reforma católica. -- La teología de la ortodoxia luterana. -- La teología reformada después de Calvino. -- Nuevos despertares en la piedad personal. -- El cambiante marco filosófico. -- La teología protestante en el siglo XIX. -- La teología católica romana hasta la Primera Guerra Mundial. -- Teología oriental después de la caída de Constantinopla. -- La teología en el siglo XX. -- Una visión general final.
563 _aRústica
650 7 _aTeología doctrinal
_9179
653 _aHistoria
942 _cBK
945 _aCatherine Arias Alvarez
999 _c70983
_d70983